[Event "EU-ch U14 Girls 25th"]
[Site "Porec"]
[Date "2015.09.29"]
[Round "8"]
[White "Kozina, Anastasia"]
[Black "Golub, Nikolina"]
[Result "1/2-1/2"]
[WhiteElo "2105"]
[BlackElo "1739"]
[PlyCount "62"]
[EventDate "2015.09.21"]
[EventType "swiss"]
[EventRounds "9"]
[EventCountry "CRO"]
[SourceTitle "EXT 2016"]
[Source "ChessBase"]
[SourceDate "2015.10.08"]
[SourceVersion "1"]
[SourceVersionDate "2015.10.08"]
[SourceQuality "1"]

1. e4 e6 2. d4 d5 3. e5 c5 4. c3 Qb6 5. Nf3 Nc6 6. a3 c4 7. Nbd2 Na5 8. g3 Nh6 9. h4 Be7 10. Bh3 0-0 11. Nf1 Nb3 12. Rb1 Nxc1 13. Qxc1 f6 14. Ne3 fxe5 15. Nxe5 Bd6 16. Qd2 Bxe5 17. dxe5 Qc6 18. 0-0 b6 19. Nc2 Qc7 20. Rbe1 Nf5 21. Nd4 Nxd4 22. cxd4 Qf7 23. Rc1 a5 24. f4 g6 25. Kh2 Kh8 26. Rf3 Bd7 27. Ra1 Qe7 28. Rff1 Rac8 29. Rac1 Rf7 30. Qc3 Rff8 31. Ra1 Ra8 1/2-1/2

[Event "EU-ch U14 Girls 25th"]
[Site "Porec"]
[Date "2015.09.28"]
[Round "7"]
[White "Koridze, Lile"]
[Black "Kozina, Anastasia"]
[Result "1-0"]
[WhiteElo "1820"]
[BlackElo "2105"]
[PlyCount "109"]
[EventDate "2015.09.21"]
[EventType "swiss"]
[EventRounds "9"]
[EventCountry "CRO"]
[SourceTitle "EXT 2016"]
[Source "ChessBase"]
[SourceDate "2015.10.08"]
[SourceVersion "1"]
[SourceVersionDate "2015.10.08"]
[SourceQuality "1"]

1. d4 e6 2. c4 Nf6 3. Nc3 Bb4 4. e3 0-0 5. Nge2 Re8 6. a3 Bf8 7. d5 d6 8. g3 e5 9. Bg2 a5 10. 0-0 Nbd7 11. Qc2 Nc5 12. b3 g6 13. Bb2 Bg7 14. b4 Na6 15. Qb3 Bd7 16. Rac1 Qc8 17. Ne4 Nxe4 18. Bxe4 Bh3 19. Bg2 b6 20. Rfd1 Bxg2 21. Kxg2 Qg4 22. Rd2 Bh6 23. Qc3 Bg7 24. Ba1 Qd7 25. Kg1 f5 26. Rb1 Kh8 27. Rdd1 g5 28. Kh1 Rg8 29. Qd3 Qf7 30. Rf1 Qh5 31. f4 gxf4 32. exf4 e4 33. Qd2 h6 34. Bxg7+ Rxg7 35. Nd4 Kh7 36. Rb3 Rag8 37. Qf2 Qh3 38. Rg1 Qg4 39. Ne6 a4 40. Re3 Rg6 41. Qc2 h5 42. Ng5+ Rxg5 43. fxg5 Qxg5 44. Rge1 Nb8 45. c5 bxc5 46. bxc5 dxc5 47. Qxc5 Rg7 48. Qc2 Nd7 49. Rc3 Qe7 50. Qxa4 Nf6 51. Qd4 Ng4 52. a4 Qd6 53. Rec1 Ne5 54. a5 Nf3 55. Qxg7+ 1-0

[Event "EU-ch U14 Girls 25th"]
[Site "Porec"]
[Date "2015.09.25"]
[Round "5"]
[White "Kochukova, Anna"]
[Black "Kozina, Anastasia"]
[Result "1-0"]
[WhiteElo "2049"]
[BlackElo "2105"]
[PlyCount "75"]
[EventDate "2015.09.21"]
[EventType "swiss"]
[EventRounds "9"]
[EventCountry "CRO"]
[SourceTitle "EXT 2016"]
[Source "ChessBase"]
[SourceDate "2015.10.08"]
[SourceVersion "1"]
[SourceVersionDate "2015.10.08"]
[SourceQuality "1"]

1. d4 e6 2. Nf3 Nf6 3. e3 b6 4. Bd3 Bb7 5. 0-0 Be7 6. c4 0-0 7. Nc3 d5 8. cxd5 exd5 9. b3 Nbd7 10. Bb2 Ne4 11. Ne5 Bd6 12. f4 f6 13. Nxe4 fxe5 14. Ng5 e4 15. Ne6 Qh4 16. Nxf8 Rxf8 17. Be2 Nf6 18. Qe1 Qxe1 19. Raxe1 Bc8 20. h3 Bd7 21. Kh1 g6 22. g4 Ne8 23. Rc1 Ng7 24. b4 Kf7 25. b5 h5 26. Rc3 Rh8 27. Kg2 g5 28. Ba3 gxf4 29. Bxd6 f3+ 30. Bxf3 exf3+ 31. Rxf3+ Ke6 32. Be5 hxg4 33. hxg4 Rh7 34. Rxc7 Ne8 35. Rxa7 Rh4 36. Kg3 Rh1 37. Rb7 Ke7 38. Kg2 1-0

[Event "Voronezh op-A 19th"]
[Site "Voronezh"]
[Date "2015.06.18"]
[Round "7"]
[White "Kachar, Vladimir"]
[Black "Kozina, Anastasia"]
[Result "1-0"]
[WhiteElo "2236"]
[BlackElo "2009"]
[PlyCount "79"]
[EventDate "2015.06.12"]
[EventType "swiss"]
[EventRounds "9"]
[EventCountry "RUS"]
[SourceTitle "CBM 167 Extra"]
[Source "ChessBase"]
[SourceDate "2015.09.14"]
[SourceVersion "1"]
[SourceVersionDate "2015.09.14"]
[SourceQuality "1"]

1. d4 e6 2. Nf3 Nf6 3. g3 b5 4. Bg2 Bb7 5. a4 b4 6. Nbd2 d5 7. Nb3 Bd6 8. 0-0 h6 9. c3 bxc3 10. bxc3 0-0 11. Ne5 Nbd7 12. Na5 Ba6 13. Nec6 Qe8 14. c4 dxc4 15. f4 c3 16. Re1 c2 17. Qxc2 Nd5 18. Bd2 f5 19. e4 fxe4 20. Qxe4 N7f6 21. Qxe6+ Qxe6 22. Rxe6 Rae8 23. Rae1 Rxe6 24. Rxe6 Kf7 25. Re1 Bd3 26. Ne5+ Bxe5 27. fxe5 Rd8 28. exf6 Nxf6 29. Nc6 Rd6 30. Ne5+ Kf8 31. Nxd3 Rxd4 32. Bb4+ Kg8 33. Bf1 Ne4 34. Rc1 a5 35. Bxa5 Rxa4 36. Bxc7 Ng5 37. Ne5 h5 38. h4 Ne4 39. Rc4 Rxc4 40. Bxc4+ 1-0

[Event "Voronezh op-A 19th"]
[Site "Voronezh"]
[Date "2015.06.15"]
[Round "4"]
[White "Kozina, Anastasia"]
[Black "Shapiro, David"]
[Result "1-0"]
[WhiteElo "2009"]
[BlackElo "2249"]
[PlyCount "107"]
[EventDate "2015.06.12"]
[EventType "swiss"]
[EventRounds "9"]
[EventCountry "RUS"]
[SourceTitle "CBM 167 Extra"]
[Source "ChessBase"]
[SourceDate "2015.09.14"]
[SourceVersion "1"]
[SourceVersionDate "2015.09.14"]
[SourceQuality "1"]

1. e4 c6 2. d4 g6 3. Nc3 Bg7 4. h3 d5 5. Nf3 Nf6 6. e5 Ne4 7. Nxe4 dxe4 8. Ng5 c5 9. Bc4 0-0 10. c3 cxd4 11. cxd4 Nc6 12. Be3 b5 13. Bxf7+ Rxf7 14. Nxf7 Kxf7 15. 0-0 Kg8 16. Qb3+ e6 17. Qxb5 Qb6 18. Qa4 Qa6 19. Qc2 Bb7 20. a3 Rc8 21. Qd2 Qd3 22. Rad1 Ba6 23. Rfe1 Qxd2 24. Rxd2 Ne7 25. Rdd1 Nd5 26. Rc1 Rxc1 27. Rxc1 Bb7 28. b4 Bf8 29. b5 Kf7 30. Bd2 Ke8 31. a4 Kd7 32. a5 Be7 33. Kh2 h5 34. Re1 Nb4 35. Rb1 Nd5 36. Re1 g5 37. g4 hxg4 38. hxg4 Nc7 39. Rb1 Nd5 40. Kg3 a6 41. bxa6 Bxa6 42. Rh1 Kc6 43. Rh6 Nc7 44. Rg6 Bd3 45. Rg7 Nd5 46. Bxg5 Bb4 47. Be3 Ne7 48. Bd2 Bxd2 49. Rxe7 e3 50. fxe3 Bxe3 51. Rxe6+ Kd5 52. Rd6+ Ke4 53. a6 Bxd4 54. Rxd4+ 1-0

[Event "Moscow op-B (Women)"]
[Site "Moscow"]
[Date "2015.02.08"]
[Round "9"]
[White "Kozina, Anastasia"]
[Black "Khazieva, Elza"]
[Result "0-1"]
[WhiteElo "1897"]
[BlackElo "2070"]
[PlyCount "92"]
[EventDate "2015.01.31"]
[EventType "swiss"]
[EventRounds "9"]
[EventCountry "RUS"]
[SourceTitle "CBM 164 Extra"]
[Source "ChessBase"]
[SourceDate "2015.03.02"]
[SourceVersion "1"]
[SourceVersionDate "2015.03.02"]
[SourceQuality "1"]

1. e4 c5 2. Nf3 e6 3. d4 cxd4 4. Nxd4 a6 5. Bd3 Nf6 6. 0-0 Qc7 7. c4 Nc6 8. Nxc6 dxc6 9. Nc3 e5 10. Qf3 Be6 11. Bg5 Be7 12. h3 h6 13. Be3 g5 14. Qe2 Nd7 15. Nd5 Qd8 16. Rfd1 h5 17. Bc2 g4 18. Bb6 Nxb6 19. Nf6+ Bxf6 20. Rxd8+ Rxd8 21. c5 Nd7 22. hxg4 Bxg4 23. f3 Be6 24. b4 h4 25. Bb3 Bxb3 26. axb3 Nf8 27. Rd1 Ne6 28. Rxd8+ Bxd8 29. Qd1 Be7 30. Qa1 Bf6 31. Qa5 Bd8 32. Qa1 Bc7 33. b5 cxb5 34. c6 bxc6 35. Qxa6 Kd7 36. Qa2 Bb6+ 37. Kf1 Nf4 38. b4 Ne6 39. Qa6 Bd4 40. Qa2 Rg8 41. Qb3 Ke7 42. Qc2 Nf4 43. Qxc6 Rxg2 44. Qc7+ Kf8 45. Ke1 h3 46. Qc6 Kg7 0-1